Zetech University Library - Online Catalog

Mobile: +254-705278678

Whatsapp: +254-706622557

Feedback/Complaints/Suggestions

library@zetech.ac.ke

Secondary chemistry form four (Record no. 10028)

MARC details
000 -LEADER
fixed length control field 00531nam a22001697a 4500
003 - CONTROL NUMBER IDENTIFIER
control field ZET-ke
005 - DATE AND TIME OF LATEST TRANSACTION
control field 20260318062814.0
008 - FIXED-LENGTH DATA ELEMENTS--GENERAL INFORMATION
fixed length control field 260318b |||||||| |||| 00| 0 eng d
020 ## - INTERNATIONAL STANDARD BOOK NUMBER
International Standard Book Number 9789966100528
040 ## - CATALOGING SOURCE
Original cataloging agency DLC
Language of cataloging eng
Transcribing agency DLC
Modifying agency ZET-ke
050 ## - LIBRARY OF CONGRESS CALL NUMBER
Classification number QD31.2
Item number .K46 2011
100 ## - MAIN ENTRY--PERSONAL NAME
Personal name Kenya Literature Bureau
9 (RLIN) 28786
245 ## - TITLE STATEMENT
Title Secondary chemistry form four
260 ## - PUBLICATION, DISTRIBUTION, ETC. (IMPRINT)
Place of publication, distribution, etc Nairobi:
Name of publisher, distributor, etc Kenya Literature bureau,
Date of publication, distribution, etc 2011.
300 ## - PHYSICAL DESCRIPTION
Extent xi, 236p.:
Other physical details ill., tables, graphs;
Dimensions 25 cm.
942 ## - ADDED ENTRY ELEMENTS (KOHA)
Source of classification or shelving scheme Library of Congress Classification
Koha item type Books
Classification part QD31.2
Call number prefix QD31.2
Call number suffix .K46
Holdings
Withdrawn status Lost status Source of classification or shelving scheme Damaged status Not for loan Home library Current library Shelving location Date acquired Source of acquisition Inventory number Total Checkouts Full call number Barcode Date last seen Copy number Price effective from Koha item type
    Library of Congress Classification     Zetech Library - Mang'u Campus Zetech Library - Mang'u Campus General Stacks 18/03/2026 Donations 11060   QD31.2 .K46 2011 Z012787 18/03/2026 C1 18/03/2026 Books